| 000 | 003650000a22000970004500 | ||
|---|---|---|---|
| 100 | 1 | _aWalldorf, Friedemann | |
| 245 | 1 | 0 | _aTowards a missionary theology for Europe : Conclusions from the ecumenical debate on the new evangelization of Europe between 1979-1992 |
| 300 | _aVol. XIII, No. 1 (2004), Páginas 29-75 | ||
| 773 | 0 | _tEuropean Journal of Theology | |
| 942 | _cANA | ||
| 999 |
_c59639 _d59639 |
||